Dwellers of a sandcastle /

Bibliographic Details
Main Authors: Hiro (Musician) (Composer, Instrumentalist), Shuse (Musician) (Composer, Instrumentalist)
Corporate Author: La'cryma Christi (Musical group) (Performer)
Other Authors: Taka (Musician) (Lyricist, Singer), Koji (Musician), composer (Instrumentalist)
Format: CD Audio
Language:Japanese
English
Language Notes:Sung predominantly in Japanese and partly in English.
Published: [Tokyo, Japan] : [Japan] : Toy's Factory ; Child of the Moon Records, [1996]
Subjects:

MARC

Tag First Indicator Second Indicator Subfields
LEADER 00000cjm a2200000Ii 4500
001 in00004396708
005 20220210145209.0
007 sd fsngnn|||ed
008 220210t19961996ja rcnn d n jpn d
028 0 2 |a TFCC-88081  |b Toy's Factory 
035 |a (OCoLC)on1296146997 
035 |a (OCoLC)1296146997 
040 |a TXA  |b eng  |e rda  |e pn  |c TXA  |d TXA 
041 0 |a jpn  |a eng  |h jpn  |h eng 
043 |a a-ja--- 
050 1 4 |a M1813.18.L33  |b D84 1996 
245 0 0 |a Dwellers of a sandcastle /  |c La'cryma Christi. 
264 1 |a [Tokyo, Japan] :  |b Toy's Factory ;  |a [Japan] :  |b Child of the Moon Records,  |c [1996] 
264 4 |c ℗1996 
300 |a 1 audio disc :  |b digital, stereo ;  |c 4 3/4 in. +  |e 1 booklet 
336 |a performed music  |b prm  |2 rdacontent 
337 |a audio  |b s  |2 rdamedia 
338 |a audio disc  |b sd  |2 rdacarrier 
344 |a digital  |2 rdatr 
344 |b optical  |2 rdarm 
344 |g stereo  |2 rdacpc 
347 |a audio file  |2 rdaft 
347 |b CD audio 
546 |a Sung predominantly in Japanese and partly in English. 
500 |a Lyrics printed in booklet in Japanese. 
500 |a Title from the disc label. 
650 0 |a Alternative rock music  |z Japan. 
650 0 |a Rock music  |z Japan  |y 1991-2000. 
650 0 |a Songs, Japanese. 
655 7 |a Progressive rock (Music)  |2 lcgft 
655 7 |a Alternative rock music.  |2 lcgft 
700 1 |a Taka  |c (Musician),  |e lyricist,  |e singer. 
700 1 |a Hiro  |c (Musician),  |e composer,  |e instrumentalist. 
700 1 |a Shuse  |c (Musician),  |e composer,  |e instrumentalist. 
700 1 |a Koji  |c (Musician),  |c composer,  |e instrumentalist. 
710 2 |a La'cryma Christi (Musical group),  |e performer. 
880 0 0 |6 505-00  |g I.  |t Warm snow /  |r lyrics, Taka ; music, Hiro, Shuse  |g 5:24 --  |g II.  |t Forest /  |r Lyrics, Taka ; Music, Hiro  |g 5:19 --  |g . III.  |t A.S.I.A. /  |r lyrics, Taka ; music, Hiro --  |g IV.  |t カリブで生まれた月 /  |r Lyrics, Taka, Shuse ; music, Shuse --  |g V.  |t Poison rain /  |r lyrics, Taka ; music, Shuse, Hiro, Koji. 
948 |h HELD BY TXA - 0 OTHER HOLDINGS 
994 |a Z0  |b TXA 
999 f f |s 3cbe53d1-fe61-37fb-ad47-87bcf6839152  |i 37c2d710-4d8f-35d8-920f-5fe2db49c88c  |t 0 
952 f f |p ric  |a Texas A&M University  |b Rellis Campus  |c Joint Library Facility  |d Remote Storage  |t 0  |e M1813.18.L33 D84 1996  |f edms  |h Library of Congress classification  |i audio -- audio disc  |m A14850682981 
998 f f |a M1813.18.L33 D84 1996  |t 0  |l Remote Storage